000 00391nam a2200157 4500
001 122066
003 ES-MaACL
005 20230906191912.0
007 t|
008 070214s1977 sp r ||||1| spa d
245 0 0 _aPoemas al Che.
250 _a2ª ed.
260 _aBarcelona :
_bJosé Batlló,
_c1977.
300 _aXI, 241 p. :
_bil. ;
_c19 cm.
852 _aES-MaACL
_jA-6974
_bR.95916
999 _c122066
_d122066